[Event "Vandoeuvre II-Grenoble"]
[Site "Epinal"]
[Date "2008.04.05"]
[Round "10.6"]
[White "Debray, Francois"]
[Black "Klipper, Rebecca"]
[Result "1-0"]
[WhiteElo "2136"]
[BlackElo "2061"]
[PlyCount "119"]
[EventDate "2008.04.05"]
[SourceDate "2007.10.27"]

1. e4 c5 2. Nf3 g6 3. d4 Bg7 4. d5 Qa5+ 5. c3 d6 6. Nbd2 Nd7 7. Nc4 Qc7 8. a4
b6 9. Bf4 Bb7 10. Bd3 Ngf6 11. h3 a6 12. Qe2 O-O 13. O-O b5 14. axb5 axb5 15.
Na3 c4 16. Bc2 Nh5 17. Bd2 Ba6 18. g4 Nhf6 19. Nd4 b4 20. Nab5 Bxb5 21. Nxb5
Qc5 22. Nd4 b3 23. Rxa8 Rxa8 24. Bb1 Nb8 25. Be3 Qc8 26. Kg2 e5 27. Nf3 Ra1 28.
Nd2 Ra4 29. f4 Nfd7 30. f5 f6 31. g5 gxf5 32. Rxf5 fxg5 33. Bxg5 Nf8 34. Qg4
Ra7 35. h4 Kh8 36. h5 h6 37. Be3 Rf7 38. Qf3 Rxf5 39. exf5 Nh7 40. Qe4 Nf6 41.
Qxc4 Qb7 42. Qxb3 Qxb3 43. Nxb3 Ne4 44. Bd2 Nf6 45. Na5 Nxh5 46. b4 Nf4+ 47.
Kf3 Nxd5 48. c4 Nb6 49. Be3 N6d7 50. Nb7 Bf8 51. Nd8 h5 52. Ne6 Be7 53. b5 Kg8
54. Nc7 Bd8 55. Na6 Kf7 56. Nxb8 Nxb8 57. Ke4 h4 58. Kd5 h3 59. Kxd6 Be7+ 60.
Kc7 1-0

[Event "Vandoeuvre II-Grenoble"]
[Site "Epinal"]
[Date "2008.04.05"]
[Round "10.7"]
[White "Hoffer, Tristan"]
[Black "Rodrigues, Emmanuel"]
[Result "0-1"]
[WhiteElo "2077"]
[BlackElo "2158"]
[PlyCount "50"]
[EventDate "2008.04.05"]
[SourceDate "2007.10.27"]

1. e4 e5 2. Nf3 Nc6 3. Bc4 Nf6 4. d3 Bc5 5. c3 a6 6. Nbd2 Ba7 7. O-O d6 8. Bb3
O-O 9. Re1 Ng4 10. Re2 Kh8 11. h3 Nh6 12. Nf1 f5 13. Bxh6 gxh6 14. d4 fxe4 15.
Rxe4 Bf5 16. Re1 exd4 17. cxd4 Qf6 18. d5 Nd4 19. N1d2 Bxh3 20. gxh3 Nxf3+ 21.
Nxf3 Qxf3 22. Qxf3 Rxf3 23. Re7 Rg8+ 24. Kh2 Rxf2+ 25. Kh1 Rgg2 0-1

[Event "Vandoeuvre II-Grenoble"]
[Site "Epinal"]
[Date "2008.04.05"]
[Round "10.8"]
[White "Hourlier, Claire"]
[Black "Vigneron, Jean"]
[Result "0-1"]
[WhiteElo "1907"]
[BlackElo "1916"]
[PlyCount "118"]
[EventDate "2008.04.05"]
[SourceDate "2007.10.27"]

1. e4 c6 2. d4 d5 3. exd5 cxd5 4. Bd3 Nc6 5. c3 g6 6. h3 Nh6 7. Bf4 Bg7 8. Nf3
f6 9. O-O O-O 10. Nh2 e5 11. Be3 e4 12. Be2 f5 13. Qc1 Nf7 14. f3 g5 15. fxe4
dxe4 16. Na3 f4 17. Bd2 Qf6 18. Nc2 Qg6 19. h4 h6 20. Qd1 Bf5 21. Rc1 e3 22.
Be1 Nd6 23. Bg4 Bd3 24. h5 Qh7 25. Rf3 Bf5 26. Bxf5 Qxf5 27. Nxe3 Qa5 28. Neg4
Qxa2 29. Qc2 Rae8 30. Rf2 Qf7 31. Qd1 Kh8 32. d5 Ne5 33. Nxe5 Rxe5 34. c4 Ne4
35. Rfc2 Nf6 36. Bc3 Re4 37. Qd3 Rfe8 38. Bxf6 Bxf6 39. d6 Qd7 40. c5 Bd4+ 41.
Kf1 Bg7 42. Nf3 Re3 43. Qd5 R8e4 44. Qd1 g4 45. Nh4 Bf6 46. Ng6+ Kg7 47. Qd5
Qb5+ 48. Rc4 Qxb2 49. Qd1 g3 50. R4c2 Qb5+ 51. Kg1 Qe8 52. Kf1 Qb5+ 53. Kg1 Qe8
54. Kf1 Bg5 55. Rc3 Qb5+ 56. Kg1 Rxc3 57. Rxc3 Qb2 58. Rc2 Qxc2 59. Qa1+ Bf6
0-1

[Event "Bischwiller II-Besancon TPG II"]
[Site "Epinal"]
[Date "2008.04.06"]
[Round "11.1"]
[White "Lutz, Eric"]
[Black "Naudier, Serge"]
[Result "1-0"]
[WhiteElo "2237"]
[BlackElo "2258"]
[PlyCount "85"]
[EventDate "2008.04.06"]
[SourceDate "2007.10.27"]

1. d4 d5 2. c3 Bf5 3. Qb3 b6 4. Bg5 c6 5. Nd2 Nd7 6. f3 Ngf6 7. g4 Bg6 8. Bg2
e5 9. h3 exd4 10. cxd4 Bd6 11. Rc1 c5 12. f4 h6 13. f5 Bh7 14. Bh4 Be7 15. Bg3
cxd4 16. Bxd5 Nxd5 17. Qxd5 O-O 18. Qxd4 Bf6 19. Qb4 Rc8 20. Rc4 Rxc4 21. Nxc4
Nc5 22. Nf3 Ne4 23. Bf2 Be7 24. Qb3 Qc7 25. Qd3 Bb4+ 26. Kf1 Re8 27. Qd5 Bc5
28. e3 b5 29. Nce5 Ng5 30. Nxg5 Qxe5 31. Qxe5 Rxe5 32. Nf3 Re8 33. Ke2 g6 34.
Rd1 gxf5 35. gxf5 Bb6 36. Rd5 Rc8 37. Rxb5 Rc2+ 38. Nd2 Kf8 39. a4 Ke7 40. a5
Bc7 41. e4 Kd7 42. Kd1 Kc6 43. Rb3 1-0

[Event "Bischwiller II-Besancon TPG II"]
[Site "Epinal"]
[Date "2008.04.06"]
[Round "11.2"]
[White "Poignot, Quentin"]
[Black "Schulz, Vladimir"]
[Result "1/2-1/2"]
[WhiteElo "2076"]
[BlackElo "2217"]
[PlyCount "103"]
[EventDate "2008.04.06"]
[SourceDate "2007.10.27"]

1. e4 c5 2. Nf3 Nc6 3. d4 cxd4 4. Nxd4 g6 5. Nc3 Bg7 6. Be3 Nf6 7. Bc4 O-O 8.
Bb3 a5 9. a3 Ng4 10. Qxg4 Nxd4 11. Qd1 Nxb3 12. cxb3 Ra6 13. O-O d6 14. Bd4
Bxd4 15. Qxd4 Qb6 16. Qxb6 Rxb6 17. b4 axb4 18. Nd5 Rb5 19. Nxb4 f5 20. Rfe1
Re5 21. exf5 Rfxf5 22. f3 Kf7 23. Rxe5 Rxe5 24. Rc1 Rc5 25. Rxc5 dxc5 26. Nd3
b6 27. Kf2 g5 28. b4 cxb4 29. Nxb4 Bb7 30. Ke3 e5 31. Kd3 Ke6 32. Nc2 Kf5 33.
Ne3+ Kf4 34. Ke2 e4 35. g3+ Ke5 36. Nc4+ Kd4 37. Nxb6 exf3+ 38. Kf2 g4 39. Nd7
Bc8 40. Nf6 Bf5 41. Nh5 Kc4 42. a4 Kb4 43. Nf4 Kxa4 44. Nd5 Kb5 45. Ne3 Be6 46.
Nf1 Kc5 47. Ne3 Kd4 48. Nc2+ Ke4 49. Ne3 Kd3 50. Nd1 Kd2 51. Ne3 Kd3 52. Nd1
1/2-1/2

[Event "Bischwiller II-Besancon TPG II"]
[Site "Epinal"]
[Date "2008.04.06"]
[Round "11.3"]
[White "Netzer, Jacques"]
[Black "Fevre, Mathieu"]
[Result "1-0"]
[WhiteElo "2059"]
[BlackElo "2040"]
[PlyCount "65"]
[EventDate "2008.04.06"]
[SourceDate "2007.10.27"]

1. e4 c5 2. Nf3 e6 3. c4 Nc6 4. Nc3 e5 5. d3 d6 6. g3 g6 7. Bg2 Bg7 8. O-O Nge7
9. Nd5 O-O 10. a3 h6 11. Rb1 f5 12. b4 fxe4 13. dxe4 Nd4 14. Nxd4 cxd4 15. f4
Nxd5 16. cxd5 Bd7 17. a4 a6 18. g4 Rc8 19. f5 g5 20. b5 axb5 21. axb5 Qb6 22.
Rf3 Rc3 23. Bd2 Rc5 24. Bf1 Bf6 25. Ra3 Rc2 26. Ba5 Qc5 27. Bb4 Qc7 28. b6 Qc8
29. Bd3 Rc5 30. Bxc5 dxc5 31. Bc4 Kg7 32. Ra7 Bd8 33. Ba6 1-0

[Event "Bischwiller II-Besancon TPG II"]
[Site "Epinal"]
[Date "2008.04.06"]
[Round "11.4"]
[White "Stefanski, Pascal"]
[Black "Genzling, Sylvie"]
[Result "1-0"]
[WhiteElo "2095"]
[BlackElo "1955"]
[PlyCount "73"]
[EventDate "2008.04.06"]
[SourceDate "2007.10.27"]

1. e4 e6 2. d4 d5 3. Nc3 Nf6 4. Bg5 dxe4 5. Nxe4 Be7 6. Bxf6 Bxf6 7. Nf3 Nc6 8.
c3 Ne7 9. Bd3 Bd7 10. Qe2 Bc6 11. Nxf6+ gxf6 12. O-O-O Qd6 13. Be4 O-O-O 14. g3
Bd5 15. Bxd5 Qxd5 16. a3 Rd6 17. Kb1 Rb6 18. Nd2 Kb8 19. Rhe1 Rc6 20. Ne4 Qf5
21. Rd3 Rd8 22. Rf3 Qg6 23. Rxf6 Qg7 24. Qh5 Ng6 25. Qf3 Nh8 26. h4 h6 27. Qf4
h5 28. Ng5 Ra6 29. Qf3 Rb6 30. Re4 Qf8 31. c4 Qe7 32. d5 e5 33. Rxb6 cxb6 34.
Qxh5 Ng6 35. Qh7 Rf8 36. f4 Qc5 37. h5 1-0

[Event "Bischwiller II-Besancon TPG II"]
[Site "Epinal"]
[Date "2008.04.06"]
[Round "11.5"]
[White "Heinrich, Nicolas"]
[Black "Sonnet, Jean Pierre"]
[Result "1/2-1/2"]
[WhiteElo "1932"]
[BlackElo "2126"]
[PlyCount "69"]
[EventDate "2008.04.06"]
[SourceDate "2007.10.27"]

1. e4 c5 2. Nf3 d6 3. d4 cxd4 4. Nxd4 Nf6 5. Nc3 a6 6. Be2 e6 7. Be3 Be7 8. a4
Nc6 9. Nb3 Na5 10. Nxa5 Qxa5 11. O-O O-O 12. f4 Bd7 13. Bf3 Bc6 14. Qe2 Rac8
15. Qf2 Nd7 16. Rab1 b5 17. axb5 axb5 18. Ne2 Nf6 19. Ra1 Qb4 20. Ra7 Rfe8 21.
e5 dxe5 22. fxe5 Ne4 23. Bxe4 Qxe4 24. Nd4 Qg6 25. Nxc6 Rxc6 26. Rd1 f6 27.
exf6 Bxf6 28. c3 Rcc8 29. Qe2 Qe4 30. Qd3 Qg4 31. Rf1 Qc4 32. Qxc4 bxc4 33. Rd1
Rb8 34. Rd2 Ra8 35. Rdd7 1/2-1/2

[Event "Bischwiller II-Besancon TPG II"]
[Site "Epinal"]
[Date "2008.04.06"]
[Round "11.6"]
[White "Coulon, Maxcellend"]
[Black "Saatdjian, Stephane"]
[Result "1/2-1/2"]
[WhiteElo "2024"]
[BlackElo "1860"]
[PlyCount "131"]
[EventDate "2008.04.06"]
[SourceDate "2007.10.27"]

1. e4 c5 2. b4 cxb4 3. d4 d6 4. a3 bxa3 5. Nxa3 g6 6. c3 Bg7 7. Bd3 Nd7 8. Bg5
Ngf6 9. Qd2 O-O 10. f3 Nb6 11. Ne2 Be6 12. O-O Rc8 13. Rfb1 d5 14. Nf4 Bd7 15.
Ne2 Bc6 16. e5 Ne8 17. Be3 Nc7 18. Bh6 Qd7 19. Bxg7 Kxg7 20. Qe3 Rfd8 21. f4 e6
22. g4 Kh8 23. Qh3 Qe7 24. Kf2 f5 25. exf6 Qxf6 26. g5 Qf7 27. Qg3 Rf8 28. Kg1
Ne8 29. Nc2 Nd6 30. Ne3 Nf5 31. Qh3 Nxe3 32. Qxe3 Ra8 33. Rf1 Nc4 34. Qc1 Bb5
35. Kg2 a6 36. Kg3 Rac8 37. Ng1 Nd6 38. Rf3 Bxd3 39. Rxd3 Qf5 40. Qe3 Ne4+ 41.
Kg2 Qxf4 42. Nh3 Qxe3 43. Rxe3 Rxc3 44. Rxc3 Nxc3 45. Rc1 Nb5 46. Rd1 Kg7 47.
Kg3 Nc3 48. Re1 Ne4+ 49. Kg4 b5 50. Nf4 Kf7 51. Rc1 Re8 52. Nd3 a5 53. Ne5+ Kg8
54. Rc7 a4 55. Nf7 Rf8 56. Nh6+ Kh8 57. Ra7 Nd6 58. h4 Nf5 59. Nf7+ Kg8 60. Ne5
Nxd4 61. h5 gxh5+ 62. Kxh5 Nf5 63. Ng4 Ng7+ 64. Kh6 Nf5+ 65. Kh5 Ng7+ 66. Kh6
1/2-1/2

[Event "Bischwiller II-Besancon TPG II"]
[Site "Epinal"]
[Date "2008.04.06"]
[Round "11.7"]
[White "Schaeffer, Vincent"]
[Black "Lozac'hmeur, Yann"]
[Result "1/2-1/2"]
[WhiteElo "1894"]
[BlackElo "2047"]
[PlyCount "48"]
[EventDate "2008.04.06"]
[SourceDate "2007.10.27"]

1. e4 e6 2. d4 d5 3. exd5 exd5 4. Nf3 Nf6 5. c4 Nc6 6. c5 g6 7. Bb5 Bg7 8.
Bxc6+ bxc6 9. O-O O-O 10. Ne5 Bd7 11. Nc3 Qc8 12. Qa4 Re8 13. Be3 Qb7 14. b3
Re7 15. Rfe1 Rae8 16. Bd2 Ng4 17. Nf3 Nh6 18. h3 Rxe1+ 19. Rxe1 Rxe1+ 20. Bxe1
Be6 21. Bd2 Nf5 22. Bf4 h6 23. Ne2 g5 24. Bh2 Bd7 1/2-1/2

[Event "Bischwiller II-Besancon TPG II"]
[Site "Epinal"]
[Date "2008.04.06"]
[Round "11.8"]
[White "Jeannerot, Lea"]
[Black "Bellahcene, Bilel"]
[Result "1/2-1/2"]
[WhiteElo "1946"]
[BlackElo "1685"]
[PlyCount "122"]
[EventDate "2008.04.06"]
[SourceDate "2007.10.27"]

1. e4 c5 2. Nc3 Nc6 3. g3 g6 4. Bg2 Bg7 5. d3 d6 6. Nge2 e6 7. Be3 Nd4 8. Qd2
Ne7 9. O-O Nxe2+ 10. Qxe2 Nc6 11. Qd2 Nd4 12. Nd1 O-O 13. c3 Nc6 14. Bh6 e5 15.
Bxg7 Kxg7 16. Ne3 b5 17. f4 f6 18. Rf2 Be6 19. a3 Qd7 20. f5 Bg8 21. fxg6 hxg6
22. Raf1 Rae8 23. h3 Be6 24. g4 g5 25. Nd5 Bxd5 26. exd5 Ne7 27. Be4 Ng6 28.
Bxg6 Kxg6 29. Qe3 Rf7 30. Qe4+ Kg7 31. Kg2 Rh8 32. Rf5 Rh6 33. Re1 Re7 34. d4
c4 35. dxe5 Rxe5 36. Rxe5 dxe5 37. Rd1 Qd6 38. Qf5 Rh8 39. Qe6 Rd8 40. Qxd6
Rxd6 41. Kf3 Kf7 42. Ke4 Ke7 43. Rh1 Rd8 44. h4 gxh4 45. Rxh4 Rg8 46. Rh7+ Kd6
47. Kf5 Kxd5 48. Rd7+ Kc5 49. Rxa7 Rg5+ 50. Kxf6 Rxg4 51. Kxe5 Rg2 52. a4 Re2+
53. Kf4 Kb6 54. Ra8 Rxb2 55. axb5 Rxb5 56. Rb8+ Kc5 57. Rxb5+ Kxb5 58. Ke4 Kc5
59. Ke3 Kb5 60. Kd4 Kb6 61. Kxc4 Kc6 1/2-1/2

[Event "Epinal-Grenoble"]
[Site "Epinal"]
[Date "2008.04.06"]
[Round "11.1"]
[White "Spielmann, Alain"]
[Black "Foisor, Ovidiu"]
[Result "1/2-1/2"]
[WhiteElo "2308"]
[BlackElo "2414"]
[PlyCount "28"]
[EventDate "2008.04.06"]
[SourceDate "2007.10.27"]

1. Nf3 g6 2. d4 Bg7 3. c4 c5 4. e4 Qb6 5. dxc5 Qxc5 6. Be2 d6 7. O-O Nc6 8. a3
Qb6 9. Ra2 Bg4 10. Be3 Qd8 11. b3 Nf6 12. Nc3 O-O 13. Kh1 Nd7 14. Nd4 Bxe2
1/2-1/2

[Event "Epinal-Grenoble"]
[Site "Epinal"]
[Date "2008.04.06"]
[Round "11.2"]
[White "Foisor, Cristina"]
[Black "Bastian, Herbert"]
[Result "1-0"]
[WhiteElo "2364"]
[BlackElo "2369"]
[PlyCount "61"]
[EventDate "2008.04.06"]
[SourceDate "2007.10.27"]

1. Nf3 Nf6 2. g3 g6 3. Bg2 Bg7 4. O-O O-O 5. c4 d6 6. d4 c6 7. Nc3 Qa5 8. Qd2
e5 9. d5 c5 10. e4 a6 11. a4 b5 12. cxb5 axb5 13. Nxb5 Nxe4 14. Qxa5 Rxa5 15.
Nxe5 Ba6 16. Nc4 Rxa4 17. Rxa4 Bxb5 18. b3 Bxa4 19. bxa4 Nc3 20. a5 Rd8 21. Re1
Na6 22. Nxd6 f5 23. Nc4 Nxd5 24. Bg5 Rd7 25. Nb6 Nxb6 26. axb6 h6 27. Bf4 g5
28. Bc6 Rd4 29. Bc7 Rd2 30. Bb5 Bd4 31. Rf1 1-0

[Event "Epinal-Grenoble"]
[Site "Epinal"]
[Date "2008.04.06"]
[Round "11.3"]
[White "Bakalarz, Mietek"]
[Black "Chevant, Louis"]
[Result "1-0"]
[WhiteElo "2361"]
[BlackElo "2176"]
[PlyCount "111"]
[EventDate "2008.04.06"]
[SourceDate "2007.10.27"]

1. d4 d5 2. Nf3 Nf6 3. Bf4 c6 4. Nbd2 Bf5 5. c4 e6 6. Qb3 Qb6 7. c5 Qxb3 8.
axb3 Nbd7 9. h3 h6 10. e3 Ne4 11. b4 Nxd2 12. Nxd2 g5 13. Bg3 Bg7 14. Bd6 Bf8
15. Bxf8 Kxf8 16. g4 Bg6 17. h4 f6 18. f4 gxh4 19. Rxh4 Kg7 20. b5 cxb5 21.
Bxb5 Nb8 22. Ke2 Nc6 23. Bxc6 bxc6 24. Ra6 Rhb8 25. b3 Be8 26. Kd3 Rb7 27. Kc3
Bd7 28. Ra1 Rh8 29. Rah1 Rbb8 30. Nf3 a5 31. g5 hxg5 32. fxg5 fxg5 33. Nxg5
Rxh4 34. Rxh4 Rh8 35. Rxh8 Kxh8 36. e4 Kg7 37. e5 Kg6 38. Nh3 Kf5 39. Nf2 Bc8
40. Kd3 Ba6+ 41. Ke3 Bf1 42. Nd1 Ba6 43. Nc3 Bf1 44. Na4 Bb5 45. Nb6 Ba6 46.
Na8 Bb5 47. Nc7 Bf1 48. Ne8 Kg5 49. Nd6 Ba6 50. Nf7+ Kf5 51. Nd8 Bb5 52. Nb7
Ba6 53. Nxa5 Bb5 54. Nb7 Ba6 55. Nd8 Bb5 56. Kf3 1-0

[Event "Epinal-Grenoble"]
[Site "Epinal"]
[Date "2008.04.06"]
[Round "11.4"]
[White "Rodrigues, Emmanuel"]
[Black "Adrian, Claude"]
[Result "0-1"]
[WhiteElo "2158"]
[BlackElo "2279"]
[PlyCount "58"]
[EventDate "2008.04.06"]
[SourceDate "2007.10.27"]

1. e4 e6 2. Nf3 d5 3. Nc3 Nf6 4. e5 Nfd7 5. d4 c5 6. dxc5 Nc6 7. Bf4 Bxc5 8.
Bd3 f6 9. exf6 Nxf6 10. Qe2 O-O 11. O-O-O Qa5 12. Kb1 a6 13. Ne5 Ba3 14. Qd2 d4
15. Ne2 Bb4 16. Nxc6 bxc6 17. Qc1 e5 18. Bd2 Be6 19. b3 Nd5 20. f3 Qc5 21. Bxb4
Nxb4 22. Kb2 a5 23. c3 Nxd3+ 24. Rxd3 Qb5 25. c4 Qc5 26. Ng3 Rfb8 27. Ka1 a4
28. Ne4 Qb4 29. a3 axb3 0-1

[Event "Epinal-Grenoble"]
[Site "Epinal"]
[Date "2008.04.06"]
[Round "11.5"]
[White "Cordier, Arnaud"]
[Black "Broca, Alexandre"]
[Result "1/2-1/2"]
[WhiteElo "2155"]
[BlackElo "2151"]
[PlyCount "82"]
[EventDate "2008.04.06"]
[SourceDate "2007.10.27"]

1. e4 e5 2. Nf3 f5 3. Nxe5 Qf6 4. d4 d6 5. Nc4 fxe4 6. Be2 Qd8 7. Bf4 Nf6 8.
O-O Be7 9. Ne3 O-O 10. Bg3 Kh8 11. c4 Be6 12. Na3 Bg8 13. Qb3 Qc8 14. Qc3 Re8
15. Rfc1 Nbd7 16. b4 Nf8 17. Nac2 Ng6 18. a4 Rf8 19. a5 h5 20. h3 h4 21. Bh2
Nh7 22. a6 b6 23. b5 Ng5 24. Nb4 Ne6 25. Nbd5 Bg5 26. Bg4 Qd8 27. Qc2 Nxd4 28.
Qxe4 Nb3 29. Qxg6 Bh7 30. Qe6 Nc5 31. Nxc7 Nxe6 32. Nxe6 Qf6 33. Nxf8 Rxf8 34.
Ra2 Bd3 35. Bf3 Qd4 36. Re1 Re8 37. Kh1 Bxc4 38. Rd1 Bxe3 39. Rxd4 Bxd4 40. Ra4
Re1+ 41. Bg1 Rc1 1/2-1/2

[Event "Epinal-Grenoble"]
[Site "Epinal"]
[Date "2008.04.06"]
[Round "11.6"]
[White "Forgues, Fabien"]
[Black "Simon, Leopold"]
[Result "1/2-1/2"]
[WhiteElo "2162"]
[BlackElo "2134"]
[PlyCount "35"]
[EventDate "2008.04.06"]
[SourceDate "2007.10.27"]

1. e4 e6 2. d4 d5 3. Nc3 dxe4 4. Nxe4 Nd7 5. Bd3 Ngf6 6. Qe2 Be7 7. Nf3 O-O 8.
Bd2 b6 9. O-O Bb7 10. Ng3 c5 11. c3 Qc7 12. Rad1 Rfd8 13. Ng5 Nf8 14. Bc1 cxd4
15. cxd4 Ng6 16. f4 Bd6 17. Nh3 Re8 18. Nh1 1/2-1/2

[Event "Epinal-Grenoble"]
[Site "Epinal"]
[Date "2008.04.06"]
[Round "11.7"]
[White "Baujard, Anne"]
[Black "Debray, Francois"]
[Result "1/2-1/2"]
[WhiteElo "1922"]
[BlackElo "2136"]
[PlyCount "84"]
[EventDate "2008.04.06"]
[SourceDate "2007.10.27"]

1. c4 g6 2. g3 Bg7 3. Bg2 d6 4. Nc3 e5 5. e3 Nc6 6. Nge2 Be6 7. d3 Qd7 8. Nd5
f5 9. O-O Nf6 10. Nec3 O-O 11. Bd2 Nh5 12. Ne2 Nd8 13. Rc1 c6 14. Ndc3 Bf7 15.
b3 Ne6 16. Rc2 g5 17. d4 Qe7 18. d5 Nd8 19. dxc6 bxc6 20. f4 Bg6 21. Bc1 gxf4
22. gxf4 Rc8 23. Rd2 Nf7 24. Ba3 Rfd8 25. Na4 Nf6 26. h3 exf4 27. exf4 Ne4 28.
Rd3 Bh5 29. Bf3 Bxf3 30. Rfxf3 Qh4 31. Qf1 Re8 32. Rd1 Re6 33. Bb4 Rg6+ 34. Kh2
Re8 35. Be1 Qh5 36. Ng3 Nxg3 37. Bxg3 Rge6 38. Nc3 Nh6 39. Kg1 Nf7 40. Bh2 Re3
41. Rxe3 Rxe3 42. Rd3 Re7 1/2-1/2

[Event "Epinal-Grenoble"]
[Site "Epinal"]
[Date "2008.04.06"]
[Round "11.8"]
[White "Hourlier, Claire"]
[Black "Bakalarz, Grazyna"]
[Result "1-0"]
[WhiteElo "1907"]
[BlackElo "2006"]
[PlyCount "89"]
[EventDate "2008.04.06"]
[SourceDate "2007.10.27"]

1. e4 g6 2. Nc3 Bg7 3. Bc4 c6 4. d3 b5 5. Bb3 d6 6. f4 b4 7. Nce2 Qb6 8. Nf3
Bg4 9. Ng3 h5 10. h3 Bxf3 11. Qxf3 Nd7 12. Ne2 Ngf6 13. Be3 Nc5 14. O-O e6 15.
Qf2 Nfd7 16. f5 gxf5 17. exf5 O-O-O 18. fxe6 fxe6 19. Bxe6 Rhf8 20. Qg3 Be5 21.
Qg6 Bxb2 22. Rab1 Rxf1+ 23. Rxf1 Qa5 24. Bxd7+ Nxd7 25. Qxd6 Ne5 26. Qe6+ Kb7
27. d4 Qb6 28. Qxe5 Rd7 29. Rf8 Ka6 30. Qc5 Qxc5 31. dxc5 Re7 32. Kf2 Be5 33.
Bd4 Bc7 34. Rh8 Rf7+ 35. Ke3 Re7+ 36. Kd3 Kb5 37. Rxh5 Rf7 38. c3 bxc3 39.
Nxc3+ Kb4 40. Ne4 Ka3 41. Rh6 Kxa2 42. Rxc6 a5 43. Kc2 Rf4 44. Nc3+ Ka3 45.
Rxc7 1-0

[Event "Montrevel en Bresse-Vandoeuvre II"]
[Site "Epinal"]
[Date "2008.04.06"]
[Round "11.1"]
[White "Janev, Evgeni"]
[Black "Gengler, Pierre"]
[Result "1-0"]
[WhiteElo "2472"]
[BlackElo "2200"]
[PlyCount "45"]
[EventDate "2008.04.06"]
[SourceDate "2007.10.27"]

1. e4 c5 2. Nf3 Nc6 3. Bb5 g6 4. Bxc6 dxc6 5. d3 Bg7 6. h3 Nf6 7. Nc3 Nd7 8.
O-O e5 9. Be3 Qe7 10. Nd2 Nf8 11. f4 exf4 12. Bxf4 Ne6 13. Bh2 O-O 14. e5 Nd4
15. Re1 b5 16. Kh1 Re8 17. Nce4 Bxe5 18. Bxe5 Qxe5 19. Nf6+ Qxf6 20. Rxe8+ Kg7
21. Ne4 Qh4 22. Qe1 Qh5 23. Rg8+ 1-0

[Event "Montrevel en Bresse-Vandoeuvre II"]
[Site "Epinal"]
[Date "2008.04.06"]
[Round "11.2"]
[White "Hartung, Jerry"]
[Black "Ivanov, Jordan"]
[Result "0-1"]
[WhiteElo "2168"]
[BlackElo "2411"]
[PlyCount "70"]
[EventDate "2008.04.06"]
[SourceDate "2007.10.27"]

1. e4 c5 2. Nf3 e6 3. Nc3 Nc6 4. d4 cxd4 5. Nxd4 Qc7 6. Be2 a6 7. O-O Nf6 8.
Bg5 Be7 9. Bf3 Ng4 10. Bxg4 Bxg5 11. Nce2 Ne5 12. Bh3 Nc4 13. f4 Bf6 14. Qc1 e5
15. fxe5 Bxe5 16. b3 Bxh2+ 17. Kh1 Nb6 18. Qg5 Be5 19. Nf5 d6 20. Nxg7+ Kf8 21.
Ne6+ Bxe6 22. Bxe6 Bxa1 23. Rxf7+ Qxf7 24. Bxf7 Kxf7 25. c3 Rae8 26. Qf4+ Ke7
27. Qc1 Kd7 28. Qxa1 Rxe4 29. Qf1 Rhe8 30. Qf5+ Kc7 31. Nd4 R8e7 32. a4 R4e5
33. Qc2 Nd5 34. b4 Ne3 35. Qf2 Ng4 0-1

[Event "Montrevel en Bresse-Vandoeuvre II"]
[Site "Epinal"]
[Date "2008.04.06"]
[Round "11.3"]
[White "Lamoureux, Charles"]
[Black "Iglesias, Joachim"]
[Result "1-0"]
[WhiteElo "2348"]
[BlackElo "2166"]
[PlyCount "55"]
[EventDate "2008.04.06"]
[SourceDate "2007.10.27"]

1. e4 c5 2. Nf3 d6 3. d4 cxd4 4. Nxd4 Nf6 5. Nc3 g6 6. Be2 Bg7 7. O-O O-O 8.
Bg5 Nc6 9. Nb3 Be6 10. Kh1 Na5 11. Nd5 Bxd5 12. exd5 Nxb3 13. axb3 Ne4 14. Bc1
e5 15. dxe6 fxe6 16. Bf3 d5 17. Bxe4 dxe4 18. Qe2 Be5 19. Ra4 Qh4 20. h3 Rad8
21. Be3 b5 22. Qxb5 Rd5 23. Qc6 Bd6 24. Qd7 Qg3 25. Qxe6+ Kh8 26. fxg3 Rxf1+
27. Kh2 Rdd1 28. Bd4+ 1-0

[Event "Montrevel en Bresse-Vandoeuvre II"]
[Site "Epinal"]
[Date "2008.04.06"]
[Round "11.4"]
[White "Julian, Stephane"]
[Black "Todorov, Ognjan"]
[Result "1-0"]
[WhiteElo "2140"]
[BlackElo "2326"]
[PlyCount "68"]
[EventDate "2008.04.06"]
[SourceDate "2007.10.27"]

1. e4 c5 2. Nf3 e6 3. d4 cxd4 4. Nxd4 a6 5. Nc3 Qc7 6. Bd3 Nf6 7. Qe2 b5 8. e5
b4 9. Ncb5 axb5 10. exf6 gxf6 11. Nxb5 Qb6 12. Bf4 d6 13. Rd1 Bd7 14. Bc4 Bxb5
15. Bxb5+ Nd7 16. a4 bxa3 17. bxa3 Rxa3 18. O-O Be7 19. c4 Rg8 20. g3 Kd8 21.
Rd2 Ne5 22. Bxe5 fxe5 23. Qxe5 Kc7 24. Qe4 Qc5 25. Qxh7 Raxg3+ 26. hxg3 Rxg3+
27. Kh2 Rg5 28. Rd5 exd5 29. Qxf7 Re5 30. Rd1 d4 31. Kg1 d3 32. Qf3 Rg5+ 33.
Kf1 Rf5 34. Qg3 Rg5 1-0

[Event "Montrevel en Bresse-Vandoeuvre II"]
[Site "Epinal"]
[Date "2008.04.06"]
[Round "11.5"]
[White "Cavillon, Fabien"]
[Black "Steil Antoni, Fiona"]
[Result "1-0"]
[WhiteElo "2118"]
[BlackElo "2125"]
[PlyCount "113"]
[EventDate "2008.04.06"]
[SourceDate "2007.10.27"]

1. e4 e5 2. Nf3 Nc6 3. Bb5 f5 4. Nc3 Nf6 5. d3 fxe4 6. dxe4 Bc5 7. O-O d6 8.
Qd3 Bd7 9. Qc4 Qe7 10. Bg5 Qf7 11. Qxf7+ Kxf7 12. Bh4 h6 13. Bxf6 gxf6 14. Nd5
Bb6 15. a4 Be6 16. Nxb6 axb6 17. Nh4 Nd4 18. Bd3 Rhg8 19. f4 Rg4 20. g3 Rag8
21. Ng2 Ke7 22. a5 b5 23. c3 Nb3 24. Ra3 Nc5 25. Bc2 h5 26. b4 Nd7 27. Bd1 R4g7
28. Bxh5 Rh8 29. Be2 Rgh7 30. f5 Bc4 31. Bxc4 bxc4 32. h4 Rg7 33. Rf3 Rhg8 34.
Kf2 Rg4 35. Re3 c6 36. Ra1 Nb8 37. Rae1 Rd8 38. Rf3 d5 39. exd5 cxd5 40. Ne3
Rgg8 41. Rd1 d4 42. cxd4 Rxd4 43. Rxd4 exd4 44. Nxc4 Rc8 45. Nb6 Rc2+ 46. Kf1
Kd6 47. b5 Rc5 48. g4 Rxb5 49. g5 fxg5 50. hxg5 Ke7 51. f6+ Kf8 52. g6 Rg5 53.
g7+ Kf7 54. Nc8 Nd7 55. Nd6+ Ke6 56. Ne4 Rg6 57. Nc5+ 1-0

[Event "Montrevel en Bresse-Vandoeuvre II"]
[Site "Epinal"]
[Date "2008.04.06"]
[Round "11.6"]
[White "Hoffer, Tristan"]
[Black "Lamoureux, Izabelle"]
[Result "0-1"]
[WhiteElo "2077"]
[BlackElo "2093"]
[PlyCount "80"]
[EventDate "2008.04.06"]
[SourceDate "2007.10.27"]

1. e4 c5 2. Nc3 Nc6 3. Bb5 e6 4. Bxc6 dxc6 5. d3 e5 6. f4 exf4 7. Bxf4 Bd6 8.
e5 Bc7 9. Ne4 Ne7 10. Nf3 b6 11. O-O O-O 12. Nfg5 Bf5 13. Kh1 Bxe4 14. Nxe4 Ng6
15. Qh5 Qh4 16. Qf5 h6 17. Rf3 Qe7 18. Rg3 Bxe5 19. Rxg6 fxg6 20. Qxe5 Qf7 21.
Be3 Rae8 22. Qc3 Qd5 23. b3 Re5 24. Kg1 Ref5 25. a4 a5 26. Qc4 Kh7 27. Qa6 Qe5
28. Rb1 Qb2 29. Re1 Qxc2 30. h3 Qxb3 31. Nd2 Qxa4 32. Qxb6 Qb5 33. Nc4 Qxb6 34.
Nxb6 Rd8 35. Rd1 Rb8 36. Nc4 a4 37. g4 Rd5 38. Kf2 Rb3 39. Ke2 a3 40. Rd2 Rdxd3
0-1

[Event "Montrevel en Bresse-Vandoeuvre II"]
[Site "Epinal"]
[Date "2008.04.06"]
[Round "11.7"]
[White "Testard, Philippe"]
[Black "Klipper, Rebecca"]
[Result "1-0"]
[WhiteElo "1934"]
[BlackElo "2061"]
[PlyCount "81"]
[EventDate "2008.04.06"]
[SourceDate "2007.10.27"]

1. e4 c5 2. c3 d5 3. exd5 Qxd5 4. d4 e5 5. Nf3 cxd4 6. cxd4 Nc6 7. Nc3 Bb4 8.
Bd2 Bxc3 9. Bxc3 e4 10. Ne5 Nxe5 11. dxe5 Be6 12. Qxd5 Bxd5 13. Bb5+ Ke7 14.
O-O Ke6 15. f3 exf3 16. gxf3 Ne7 17. f4 f5 18. Rad1 g5 19. fxg5 h6 20. h4 hxg5
21. hxg5 Rag8 22. Bd2 Rh1+ 23. Kf2 Rh2+ 24. Ke1 a6 25. Be2 Nc6 26. Bf4 Rxe2+
27. Kxe2 Bc4+ 28. Kf2 Bxf1 29. Rd6+ Ke7 30. Kxf1 Rh8 31. Rh6 Rg8 32. Rh7+ Ke6
33. Rxb7 Nxe5 34. Rb6+ Kd5 35. Bxe5 Kxe5 36. g6 a5 37. Kf2 Ke4 38. Ra6 Rg7 39.
b3 Kd3 40. Kf3 Kc2 41. Kf4 1-0